[Event "26th Hoogeveen op"]
[Site "Hoogeveen NED"]
[Date "2023.10.25"]
[Round "6.3"]
[White "De Winter, Arthur"]
[Black "Van Dael, Siem"]
[Result "1/2-1/2"]
[WhiteElo "2397"]
[BlackElo "2321"]
[EventDate "2023.10.21"]
[PlyCount "86"]

1.e4 c5 2.Nf3 d6 3.d4 cxd4 4.Nxd4 Nf6 5.Nc3 a6 6.h4 Qc7 7.Be2 e6 8.g4 b5 
9.a3 Bb7 10.Bf3 Nc6 11.g5 Nd7 12.h5 Nde5 13.Bg2 Nxd4 14.Qxd4 Qc5 15.Qxc5 
dxc5 16.f4 Nc6 17.Be3 O-O-O 18.Kf2 Nd4 19.Rac1 Be7 20.Ne2 f6 21.c3 Nxe2 
22.Kxe2 f5 23.c4 b4 24.axb4 cxb4 25.Rhd1 h6 26.g6 Kc7 27.Bd4 Rxd4 28.Rxd4 
Bc5 29.Rdd1 Rf8 30.Ra1 fxe4 31.Ra5 Rf5 32.Bh3 Rxh5 33.Rxc5+ Rxc5 34.Bxe6 
Bc8 35.Bxc8 Kxc8 36.b3 Rf5 37.Ke3 Rf6 38.Rg1 Kd7 39.Kxe4 Re6+ 40.Kd5 Rf6 
41.Ke5 Re6+ 42.Kd5 Rf6 43.Ke5 Re6+ 1/2-1/2

[Event "26th Hoogeveen op"]
[Site "Hoogeveen NED"]
[Date "2023.10.25"]
[Round "6.4"]
[White "De Boer, Eelke"]
[Black "Schoorl, Rob"]
[Result "1/2-1/2"]
[WhiteElo "2327"]
[BlackElo "2357"]
[EventDate "2023.10.21"]
[PlyCount "94"]

1.d4 Nf6 2.c4 c5 3.Nf3 g6 4.Nc3 cxd4 5.Nxd4 Nc6 6.e4 Nxd4 7.Qxd4 d6 8.f3 
Bg7 9.Be3 O-O 10.Qd2 Be6 11.Rc1 Qa5 12.b3 Rfc8 13.Bd3 a6 14.Ne2 Qxd2+ 15.
Kxd2 Nd7 16.Nf4 Nc5 17.Be2 a5 18.Nd5 Bxd5 19.cxd5 Bb2 20.Rc2 Ba3 21.Bb5 
Rc7 22.Bd4 Rac8 23.Ke3 e5 24.Bxc5 Bxc5+ 25.Ke2 f5 26.Bd3 f4 27.a4 h5 28.
Kd1 Kh7 29.Rf1 Kh6 30.Be2 g5 31.Rc4 Be3 32.Rxc7 Rxc7 33.Bc4 g4 34.Ke2 Bd4 
35.Rc1 Kg5 36.Rf1 h4 37.fxg4 Kxg4 38.Rf3 b5 39.Bxb5 Rc2+ 40.Kf1 Rc1+ 41.
Ke2 Rg1 42.Bd7+ Kg5 43.Bh3 Rb1 44.Rd3 Rb2+ 45.Kf1 Rb1+ 46.Ke2 Rb2+ 47.Kf1 
Rb1+ 1/2-1/2

[Event "26th Hoogeveen op"]
[Site "Hoogeveen NED"]
[Date "2023.10.25"]
[Round "6.5"]
[White "Van Foreest, Machteld"]
[Black "Elgersma, Onno"]
[Result "1/2-1/2"]
[WhiteElo "2266"]
[BlackElo "2266"]
[EventDate "2023.10.21"]
[PlyCount "131"]

1.e4 e6 2.Qe2 c5 3.Nf3 Nc6 4.g3 e5 5.Bg2 Nf6 6.c3 d6 7.O-O Be7 8.Rd1 O-O 
9.d4 cxd4 10.cxd4 exd4 11.Nxd4 Bg4 12.Bf3 Bxf3 13.Qxf3 Nxd4 14.Rxd4 Qb6 
15.Rd1 Rac8 16.Nc3 Rfe8 17.Rb1 Qa6 18.Be3 b5 19.a3 Qb7 20.Qf5 a6 21.Bd4 
Qd7 22.Qf4 Qh3 23.Bxf6 Bxf6 24.Qxd6 Bxc3 25.bxc3 Rxe4 26.Qd8+ Re8 27.Qb6 
Qe6 28.Rd6 Qe4 29.Rbd1 h5 30.Qxa6 h4 31.Qxb5 h3 32.Qf1 Rxc3 33.Qxh3 Rxa3 
34.R6d4 Qe2 35.Rf1 Qe5 36.Qd7 Rea8 37.Rf4 R3a7 38.Qc6 Ra1 39.Qc4 Rxf1+ 40.
Kxf1 Qh5 41.Kg1 Rd8 42.h3 Qd1+ 43.Kh2 Qd5 44.Qc7 Re8 45.Qc3 Qe5 46.Qd3 Qc5
47.Qf3 Qe7 48.Qh5 Qa7 49.Qf5 g6 50.Qd5 Re6 51.Qd8+ Kg7 52.Qd2 Qa1 53.Rh4 
Qf6 54.Kg2 Re5 55.Qb2 Rf5 56.Qc2 Qd6 57.Qc3+ Qf6 58.Qe3 Qc6+ 59.Kh2 Qf6 
60.Rf4 Rxf4 61.gxf4 Qc6 62.Qe5+ Kg8 63.Kg3 Qh1 64.Qe8+ Kg7 65.Qe5+ Kg8 66.
Qe8+ 1/2-1/2

[Event "26th Hoogeveen op"]
[Site "Hoogeveen NED"]
[Date "2023.10.25"]
[Round "6.6"]
[White "Van Kooten, Luuk"]
[Black "Kiran, Manisha Mohanty"]
[Result "1-0"]
[WhiteElo "2255"]
[BlackElo "2034"]
[EventDate "2023.10.21"]
[PlyCount "79"]

1.d4 Nf6 2.c4 g6 3.Nc3 d5 4.Nf3 Bg7 5.Qb3 dxc4 6.Qxc4 O-O 7.e4 Nfd7 8.Be3 
Nb6 9.Qc5 Bg4 10.O-O-O f5 11.Bg5 N8d7 12.Qa3 Qe8 13.e5 e6 14.h3 Bxf3 15.
gxf3 Rf7 16.Kb1 Qf8 17.Qb3 Re8 18.f4 c6 19.Bg2 Nb8 20.Rhe1 Na6 21.a3 Nc7 
22.Rc1 Rd7 23.Red1 Bh6 24.h4 Bxg5 25.fxg5 Red8 26.Ne2 Qe7 27.Bf3 Nb5 28.
Qe3 Nd5 29.Bxd5 Rxd5 30.a4 Nc7 31.h5 Ra5 32.hxg6 hxg6 33.Rh1 Nd5 34.Qb3 
Rd7 35.Rh6 Qg7 36.Rch1 Rf7 37.Qh3 Kf8 38.Rh8+ Ke7 39.Qa3+ c5 40.dxc5 1-0

[Event "26th Hoogeveen op"]
[Site "Hoogeveen NED"]
[Date "2023.10.25"]
[Round "6.7"]
[White "Goudriaan, Rafael"]
[Black "Paltrinieri, Nicholas"]
[Result "0-1"]
[WhiteElo "2153"]
[BlackElo "2344"]
[EventDate "2023.10.21"]
[PlyCount "106"]

1.e4 e6 2.d4 d5 3.Nd2 Be7 4.Ngf3 Nf6 5.e5 Nfd7 6.Bd3 c5 7.c3 b6 8.Qe2 a5 
9.a4 Ba6 10.Bxa6 Nxa6 11.O-O Qc8 12.Re1 Nc7 13.Nf1 Qa6 14.Qc2 b5 15.axb5 
Qxb5 16.dxc5 Nxc5 17.Nd4 Qd3 18.Qxd3 Nxd3 19.Re2 Kd7 20.b3 Bc5 21.Be3 Rhb8
22.Nd2 f5 23.g3 Bxd4 24.Bxd4 Nb5 25.Nf3 Nxd4 26.Nxd4 Nc5 27.Ra3 Ne4 28.Rc2
Rc8 29.c4 dxc4 30.Rxc4 Rxc4 31.bxc4 Nc5 32.f4 a4 33.Nb5 Kc6 34.Nd4+ Kb6 
35.Ra1 a3 36.Nc2 a2 37.Nb4 Ra4 38.Nxa2 Kc7 39.Kh1 Ne4 40.Kg1 Kc8 41.Kg2 
Ra3 42.Kh3 h6 43.Kg2 g6 44.Kg1 Nd2 45.Kh1 Kc7 46.Kg1 g5 47.Kh1 g4 48.Kg1 
Nf3+ 49.Kg2 Nd4 50.Kg1 Nc2 51.Rd1 Rxa2 52.Rd6 Ne3 53.Rxe6 Rg2+ 0-1

[Event "26th Hoogeveen op"]
[Site "Hoogeveen NED"]
[Date "2023.10.25"]
[Round "6.8"]
[White "Swati, Ghate"]
[Black "Slagboom, Leandro"]
[Result "1-0"]
[WhiteElo "1995"]
[BlackElo "2305"]
[EventDate "2023.10.21"]
[PlyCount "141"]

1.e4 e6 2.d4 d5 3.e5 c5 4.c3 Nc6 5.Nf3 Bd7 6.Be2 Nge7 7.O-O Ng6 8.Be3 Be7 
9.Nbd2 O-O 10.Bd3 cxd4 11.cxd4 Nb4 12.Be2 Rc8 13.Ne1 f6 14.exf6 gxf6 15.a3
Nc6 16.Nb3 b6 17.Rc1 Bd6 18.g3 Nce7 19.Rxc8 Qxc8 20.Ng2 Kh8 21.Nc1 Qe8 22.
Nd3 Qf7 23.Bg4 Bb5 24.Re1 e5 25.Nc1 Nc6 26.Ne2 f5 27.Nc3 Bc4 28.dxe5 Bxe5 
29.Bf3 Rd8 30.Bg5 Rd6 31.h4 d4 32.Nb1 Bd5 33.h5 Nf8 34.Nd2 d3 35.Bxd5 Qxd5
36.Ne3 Qf7 37.Ndc4 Rd4 38.b3 Ne6 39.Qf3 Re4 40.Bh4 Bc3 41.Rd1 Ned4 42.Qh1 
Qd7 43.b4 Kg8 44.Kf1 Nc2 45.Qf3 Nxe3+ 46.Nxe3 Nd4 47.Rxd3 Qb5 48.Qd1 f4 
49.gxf4 Rxf4 50.Bg3 Re4 51.Kg2 Qc6 52.f3 Re8 53.Rxd4 Rxe3 54.Rd8+ Kg7 55.
Rd7+ Kf8 56.Rc7 Qf6 57.Rc8+ Kf7 58.Rc7+ Kf8 59.Qd5 Re6 60.Qa8+ Re8 61.Rc8 
Rxc8 62.Qxc8+ Kg7 63.Qc7+ Kg8 64.Qxa7 Bd4 65.Qb8+ Kg7 66.Qc7+ Kg8 67.a4 
Bc3 68.a5 bxa5 69.bxa5 Qd4 70.a6 Qd2+ 71.Bf2 1-0

[Event "26th Hoogeveen op"]
[Site "Hoogeveen NED"]
[Date "2023.10.25"]
[Round "6.9"]
[White "Van Helvoort, Rob"]
[Black "Kazarjan, Gachatur"]
[Result "0-1"]
[WhiteElo "2105"]
[BlackElo "1970"]
[EventDate "2023.10.21"]
[PlyCount "122"]

1.d4 d5 2.Nf3 e6 3.e3 Nf6 4.Bd3 c5 5.b3 Bd6 6.O-O O-O 7.Bb2 Nbd7 8.Ne5 b6 
9.f4 Ne4 10.Bxe4 dxe4 11.Nxd7 Qxd7 12.Qe2 Bb7 13.Rd1 Qe7 14.dxc5 Bxc5 15.
Nc3 Rfd8 16.Na4 Bd6 17.Rd2 Bb4 18.Rxd8+ Rxd8 19.Bd4 f6 20.Bc3 Bxc3 21.Nxc3
Qc5 22.Na4 Qd6 23.Kf2 Qd2 24.Re1 Qd6 25.c4 e5 26.f5 Qd7 27.g4 g6 28.fxg6 
hxg6 29.Nc3 Qh7 30.Kg3 Rd3 31.Rd1 g5 32.Nd5 Bxd5 33.cxd5 Rxe3+ 34.Qxe3 
Qh4+ 35.Kg2 Qxg4+ 36.Kf2 Qxd1 37.Qxe4 Kg7 38.Qc4 Qd2+ 39.Kg1 Qe3+ 40.Kg2 
Qc5 41.Qd3 Qd4 42.Qb5 Qg4+ 43.Kf2 e4 44.Qc6 Qf3+ 45.Ke1 e3 46.Qc7+ Kh6 47.
Qg3 Qxd5 48.Qxe3 Qa5+ 49.Kf1 Qf5+ 50.Kg2 Qc2+ 51.Kg3 Qxa2 52.Qe6 Qb2 53.
Qf7 Qe5+ 54.Kg2 f5 55.Qf8+ Kh5 56.Qf7+ Kg4 57.h3+ Kf4 58.Qxa7 Qe2+ 59.Kg1 
Kg3 60.Qc7+ f4 61.Qc3+ Qe3+ 0-1

[Event "26th Hoogeveen op"]
[Site "Hoogeveen NED"]
[Date "2023.10.25"]
[Round "6.10"]
[White "Margadgua, Erdenebayar"]
[Black "Mueer, Sebastian"]
[Result "1/2-1/2"]
[WhiteElo "1848"]
[BlackElo "2230"]
[EventDate "2023.10.21"]
[PlyCount "49"]

1.e4 c5 2.Nc3 e6 3.f4 Nc6 4.Nf3 d5 5.Bb5 Ne7 6.exd5 exd5 7.Qe2 Bg4 8.Bxc6+
bxc6 9.O-O g6 10.Qe5 Rg8 11.Na4 Bg7 12.Qe3 Bxf3 13.Qxf3 Kf8 14.Kh1 Qd6 15.
Qa3 Nf5 16.Qxc5 Qxc5 17.Nxc5 Ke7 18.d3 Kd6 19.Na4 Rge8 20.Bd2 Re2 21.Bb4+ 
Kc7 22.Ba5+ Kd6 23.Bb4+ Kc7 24.Ba5+ Kd6 25.Bb4+ 1/2-1/2

[Event "26th Hoogeveen op"]
[Site "Hoogeveen NED"]
[Date "2023.10.25"]
[Round "6.11"]
[White "Duchene, Rene"]
[Black "Maatman, Nick"]
[Result "0-1"]
[WhiteElo "2065"]
[BlackElo "2382"]
[EventDate "2023.10.21"]
[PlyCount "80"]

1.d4 Nf6 2.c4 e6 3.g3 d5 4.Nf3 Bb4+ 5.Bd2 Be7 6.Bg2 c6 7.Qc2 Nbd7 8.O-O 
O-O 9.Bf4 b6 10.Nc3 Bb7 11.e4 dxc4 12.a4 a6 13.b3 cxb3 14.Qxb3 a5 15.Rfd1 
Bb4 16.Ne5 Nxe5 17.Bxe5 Qe7 18.Rac1 Rfd8 19.Bxf6 Qxf6 20.e5 Qe7 21.Ne4 
Rab8 22.Qc2 h6 23.Qe2 Rd7 24.Qg4 Kh8 25.Qf4 Rbd8 26.Nf6 Rc7 27.h4 Qf8 28.
Ng4 Rcd7 29.Bxc6 Bxc6 30.Rxc6 Bc5 31.d5 Rxd5 32.Rxd5 Rxd5 33.Rc7 Kg8 34.
Kg2 Bd4 35.h5 Qe8 36.Qe4 Bc5 37.Nh2 Qb8 38.Rxf7 Kxf7 39.Qg6+ Kf8 40.Ng4 
Qe8 0-1

[Event "26th Hoogeveen op"]
[Site "Hoogeveen NED"]
[Date "2023.10.25"]
[Round "6.12"]
[White "Maris, Ivo"]
[Black "Labruyere, Roger"]
[Result "1-0"]
[WhiteElo "2404"]
[BlackElo "2148"]
[EventDate "2023.10.21"]
[PlyCount "71"]

1.c4 e5 2.d3 Nf6 3.Nc3 Nc6 4.Nf3 d5 5.cxd5 Nxd5 6.e4 Nde7 7.Be3 Ng6 8.d4 
Bd6 9.d5 Nce7 10.h4 h5 11.Ng5 f6 12.Ne6 Bxe6 13.dxe6 Nf4 14.Qb3 Qc8 15.g3 
Nfg6 16.Rc1 a6 17.Bh3 b6 18.O-O Qb7 19.Rfd1 O-O 20.Bg2 Rad8 21.f4 Rfe8 22.
f5 Nf8 23.Rf1 Qc8 24.Bh3 Bc5 25.Bxc5 bxc5 26.Qc2 c4 27.Qe2 Rd3 28.Qxh5 Qb8
29.Rc2 g6 30.fxg6 Rxg3+ 31.Kh2 Rxg6 32.Rg1 Qb6 33.Rxg6+ Nfxg6 34.Nd5 Qd4 
35.Nxf6+ Kg7 36.Qh7+ 1-0

[Event "26th Hoogeveen op"]
[Site "Hoogeveen NED"]
[Date "2023.10.25"]
[Round "6.13"]
[White "Kett, Tim"]
[Black "Zecha, Oscar"]
[Result "1-0"]
[WhiteElo "2130"]
[BlackElo "1838"]
[EventDate "2023.10.21"]
[PlyCount "99"]

1.e4 e5 2.f4 d5 3.exd5 exf4 4.Nf3 Nf6 5.Bc4 c6 6.dxc6 Nxc6 7.d4 Bd6 8.Qe2+
Qe7 9.Qxe7+ Nxe7 10.Bb5+ Bd7 11.Nc3 a6 12.Bxd7+ Nxd7 13.O-O O-O 14.Ne1 g5 
15.Ne4 Nf5 16.c3 Be7 17.g3 Ne3 18.Bxe3 fxe3 19.Rf5 h6 20.Nd3 Rae8 21.Re1 
Kg7 22.Rxe3 Bd8 23.Kf2 Kg6 24.g4 h5 25.h3 hxg4 26.hxg4 Rh8 27.Ke2 Re6 28.
Ndc5 Nxc5 29.Nxc5 Rb6 30.b4 Rh4 31.Nd7 Rd6 32.Ne5+ Kh7 33.Nxf7 Rd7 34.Nxd8
Rxd8 35.Rxg5 Kh6 36.Rh5+ Rxh5 37.gxh5 Kxh5 38.Re7 b5 39.Rg7 Kh6 40.Rg2 a5 
41.a3 a4 42.Kd3 Rf8 43.d5 Rf3+ 44.Kd4 Rf1 45.Kc5 Ra1 46.Kxb5 Rxa3 47.c4 
Ra1 48.c5 a3 49.d6 a2 50.d7 1-0

[Event "26th Hoogeveen op"]
[Site "Hoogeveen NED"]
[Date "2023.10.25"]
[Round "6.14"]
[White "Vogel, Jaap"]
[Black "Van Rootselaar, Rik"]
[Result "1/2-1/2"]
[WhiteElo "2106"]
[BlackElo "2015"]
[EventDate "2023.10.21"]
[PlyCount "88"]

1.d4 d5 2.Nf3 Nf6 3.g3 g6 4.Bg2 Bg7 5.O-O O-O 6.Bf4 c6 7.Qc1 Bf5 8.h3 Nbd7
9.g4 Be4 10.Nbd2 c5 11.e3 Rc8 12.Nxe4 Nxe4 13.c3 Qb6 14.Nd2 Nxd2 15.Qxd2 
e6 16.Qe2 Qa5 17.Bd6 Rfd8 18.a4 c4 19.e4 Qb6 20.Ba3 dxe4 21.a5 Qb5 22.Qxe4
Rc7 23.Qe2 Nf6 24.Bc5 b6 25.axb6 axb6 26.Ba3 Nd5 27.f4 Qd7 28.f5 exf5 29.
gxf5 Re8 30.Qxe8+ Qxe8 31.Bxd5 Qe3+ 32.Kg2 Qg5+ 33.Kh1 gxf5 34.Bd6 Rd7 35.
Ra8+ Rd8 36.Bf4 Qh4 37.Rxd8+ Qxd8 38.Bxc4 Qd7 39.Kh2 Qc6 40.Bd3 Bh6 41.
Bxf5 Bxf4+ 42.Rxf4 h6 43.Kg3 Qh1 44.Rf2 Qg1+ 1/2-1/2

[Event "26th Hoogeveen op"]
[Site "Hoogeveen NED"]
[Date "2023.10.25"]
[Round "6.15"]
[White "Boersma, Jan"]
[Black "Boeren, Jurriaan"]
[Result "1/2-1/2"]
[WhiteElo "1997"]
[BlackElo "2120"]
[EventDate "2023.10.21"]
[PlyCount "43"]

1.e4 e6 2.d4 d5 3.Nc3 Nf6 4.Bg5 Bb4 5.Ne2 dxe4 6.a3 Be7 7.Bxf6 Bxf6 8.Nxe4
Be7 9.g3 O-O 10.Bg2 Nd7 11.O-O e5 12.N4c3 exd4 13.Nxd4 c6 14.Qe2 Bf6 15.
Rad1 Qb6 16.Na4 Qa5 17.Nc3 Ne5 18.h3 Bd7 19.Ne4 Bd8 20.Nd6 Bf6 21.Ne4 Bd8 
22.Nd6 1/2-1/2

[Event "26th Hoogeveen op"]
[Site "Hoogeveen NED"]
[Date "2023.10.25"]
[Round "6.16"]
[White "Arnold, Rhys"]
[Black "Boer, Alef"]
[Result "1-0"]
[WhiteElo "2087"]
[BlackElo "2058"]
[EventDate "2023.10.21"]
[PlyCount "53"]

1.e4 e6 2.d4 d5 3.Nd2 dxe4 4.Nxe4 Nd7 5.Bd3 Ngf6 6.Nf3 Nxe4 7.Bxe4 c5 8.c3
Nf6 9.Bc2 cxd4 10.Nxd4 a6 11.O-O Be7 12.Re1 O-O 13.Bg5 Nd5 14.Qd3 g6 15.
Bxe7 Nxe7 16.Rad1 Qc7 17.h4 e5 18.Qg3 f6 19.h5 Kg7 20.hxg6 hxg6 21.Re2 b5 
22.Rde1 Ra7 23.f4 exd4 24.Rxe7+ Qxe7 25.Qxg6+ Kh8 26.Qh6+ Kg8 27.Bb3+ 1-0

[Event "26th Hoogeveen op"]
[Site "Hoogeveen NED"]
[Date "2023.10.25"]
[Round "6.17"]
[White "Fehr, Axel"]
[Black "Hoffman, Ron"]
[Result "1-0"]
[WhiteElo "2011"]
[BlackElo "2032"]
[EventDate "2023.10.21"]
[PlyCount "141"]

1.c4 b6 2.d4 Bb7 3.Nc3 e6 4.a3 f5 5.Nf3 Nf6 6.g3 Be7 7.Bg2 O-O 8.O-O Ne4 
9.Bd2 Bf6 10.Rc1 d6 11.e3 Nd7 12.Nxe4 Bxe4 13.Ne1 Bxg2 14.Kxg2 c5 15.Bc3 
Qe7 16.Nc2 Rac8 17.b3 a5 18.Ba1 Rfd8 19.Qf3 g6 20.Rfd1 Bg7 21.e4 Rf8 22.
Re1 cxd4 23.Nxd4 Ne5 24.Qe2 f4 25.f3 h5 26.Rcd1 Rcd8 27.Bb2 g5 28.Rf1 Bh6 
29.gxf4 gxf4 30.Kh1 Kf7 31.Rg1 Qh4 32.Rg2 Qh3 33.Rdg1 Rg8 34.Bc1 Rxg2 35.
Qxg2 Qxg2+ 36.Rxg2 d5 37.exd5 exd5 38.Nf5 Bf8 39.Bxf4 Nxf3 40.Rf2 Ne1 41.
Bc7 Rd7 42.Ne3+ Kg8 43.Nxd5 Bc5 44.Rf1 Rxc7 45.Nxc7 Nc2 46.Nd5 Nxa3 47.
Nf6+ Kg7 48.Nxh5+ Kh6 49.Nf6 Nc2 50.Nd7 Ne3 51.Rf6+ Kg5 52.Rc6 Bd4 53.Nxb6
Kg4 54.Nd5 Nd1 55.Kg2 Nb2 56.Ra6 a4 57.bxa4 Nxc4 58.Re6 Kf5 59.Re8 Nd6 60.
Re1 Nc4 61.Ne7+ Kf4 62.Nd5+ Kf5 63.h4 Ne5 64.Kg3 Nd3 65.Ne7+ Kf6 66.Nd5+ 
Kf5 67.Re2 Nc5 68.a5 Ne4+ 69.Kf3 Nc5 70.Ne7+ Kf6 71.Nc6 1-0

[Event "26th Hoogeveen op"]
[Site "Hoogeveen NED"]
[Date "2023.10.26"]
[Round "7.1"]
[White "Krishnan, Ritvik"]
[Black "Lodici, Lorenzo"]
[Result "0-1"]
[WhiteElo "2176"]
[BlackElo "2537"]
[EventDate "2023.10.21"]
[PlyCount "76"]

1.Nf3 d5 2.c4 e6 3.g3 Nf6 4.Bg2 c6 5.b3 Nbd7 6.Bb2 Bd6 7.d4 Ne4 8.O-O f5 
9.Nbd2 Qf6 10.Qc1 O-O 11.e3 g5 12.Ba3 Bxa3 13.Qxa3 g4 14.Nxe4 fxe4 15.Nd2 
e5 16.cxd5 cxd5 17.dxe5 Nxe5 18.Qc5 Be6 19.Qd4 Qf5 20.Rac1 Nf3+ 21.Nxf3 
gxf3 22.Bh1 Qf6 23.Qb4 b6 24.a4 Rfc8 25.Qd6 Rd8 26.Qb4 Rac8 27.a5 Rxc1 28.
Rxc1 Rc8 29.Rd1 Bf7 30.axb6 axb6 31.h4 h5 32.Qe1 Rc2 33.Rc1 Qb2 34.Rxc2 
Qxc2 35.b4 Qe2 36.Qc1 Be6 37.Qc3 Qd1+ 38.Kh2 Qf1 0-1

[Event "26th Hoogeveen op"]
[Site "Hoogeveen NED"]
[Date "2023.10.26"]
[Round "7.2"]
[White "Ernst, Sipke"]
[Black "Zwirs, Nico"]
[Result "0-1"]
[WhiteElo "2551"]
[BlackElo "2451"]
[EventDate "2023.10.21"]
[PlyCount "52"]

1.d4 d5 2.Nf3 Nf6 3.e3 c5 4.dxc5 e6 5.c4 Bxc5 6.a3 O-O 7.Nc3 dxc4 8.Bxc4 
a6 9.Bd3 b5 10.Qe2 Bb7 11.e4 Nbd7 12.Bf4 e5 13.Bg5 h6 14.Bh4 Bd4 15.O-O 
Bxc3 16.bxc3 Qc7 17.a4 Nh5 18.g3 Nc5 19.Ne1 g6 20.axb5 axb5 21.Rxa8 Rxa8 
22.Bc2 Na4 23.Ng2 Nxc3 24.Qd2 g5 25.Rc1 Rd8 26.Bd3 Rxd3 0-1

[Event "26th Hoogeveen op"]
[Site "Hoogeveen NED"]
[Date "2023.10.26"]
[Round "7.3"]
[White "Van Kooten, Luuk"]
[Black "De Winter, Arthur"]
[Result "0-1"]
[WhiteElo "2255"]
[BlackElo "2397"]
[EventDate "2023.10.21"]
[PlyCount "50"]

1.d4 Nf6 2.c4 g6 3.Nc3 Bg7 4.e4 d6 5.Bd3 O-O 6.Nge2 Nc6 7.O-O e5 8.d5 Nd4 
9.Nxd4 exd4 10.Ne2 Re8 11.Ng3 Nd7 12.f4 a5 13.b3 Nc5 14.f5 Be5 15.Bf4 Bxf4
16.Rxf4 Qg5 17.Rf3 gxf5 18.Nxf5 Kh8 19.Bc2 d3 20.Bxd3 Bxf5 21.exf5 f6 22.
Bc2 Nd7 23.Qd4 Re2 24.Rg3 Qd2 25.Qg4 Re1+ 0-1

[Event "26th Hoogeveen op"]
[Site "Hoogeveen NED"]
[Date "2023.10.26"]
[Round "7.4"]
[White "Schoorl, Rob"]
[Black "Van Foreest, Machteld"]
[Result "1-0"]
[WhiteElo "2357"]
[BlackElo "2266"]
[EventDate "2023.10.21"]
[PlyCount "75"]

1.Nf3 Nf6 2.g3 b5 3.Bg2 Bb7 4.O-O e6 5.d3 d6 6.c4 bxc4 7.dxc4 Nbd7 8.Nc3 
Be7 9.Qc2 Nb6 10.e4 Nfd7 11.b3 Bf6 12.Be3 O-O 13.Nd4 g6 14.Rad1 Bg7 15.
Rfe1 Rb8 16.a4 a6 17.Nde2 Qe7 18.f4 a5 19.Nb5 Rfc8 20.Nec3 e5 21.Nd5 Nxd5 
22.exd5 Qf8 23.Bh3 f5 24.fxe5 Nxe5 25.Bg2 Ng4 26.Bd4 Re8 27.Qd2 Bh6 28.Qc3
Rbc8 29.h3 Ne5 30.Qxa5 c6 31.Nc7 Re7 32.dxc6 Nxc6 33.Bd5+ Rf7 34.Qb6 Ba8 
35.Nxa8 f4 36.Bxc6 fxg3 37.Bd5 Rxa8 38.Rf1 1-0

[Event "26th Hoogeveen op"]
[Site "Hoogeveen NED"]
[Date "2023.10.26"]
[Round "7.5"]
[White "Van Dael, Siem"]
[Black "De Boer, Eelke"]
[Result "1-0"]
[WhiteElo "2321"]
[BlackElo "2327"]
[EventDate "2023.10.21"]
[PlyCount "69"]

1.e4 e6 2.d4 d5 3.Nc3 Nf6 4.Bg5 dxe4 5.Nxe4 Be7 6.Bxf6 gxf6 7.Nf3 f5 8.Nc3
a6 9.g3 b5 10.Bg2 Bb7 11.O-O O-O 12.Ne5 Bxg2 13.Kxg2 b4 14.Na4 Qd5+ 15.Qf3
Qxf3+ 16.Kxf3 Rd8 17.Rfd1 f6 18.Nc4 Nc6 19.c3 Rab8 20.Ne3 bxc3 21.bxc3 Rb5
22.Kg2 Kf7 23.d5 exd5 24.Nxf5 Ne5 25.Rd4 c5 26.Rh4 Bf8 27.Rd1 c4 28.Ne3 
Nd3 29.Rxh7+ Kg6 30.Rc7 Bh6 31.f4 Ra5 32.h4 Nxf4+ 33.gxf4 Bxf4 34.h5+ Kxh5
35.Rg7 1-0

[Event "26th Hoogeveen op"]
[Site "Hoogeveen NED"]
[Date "2023.10.26"]
[Round "7.6"]
[White "Paltrinieri, Nicholas"]
[Black "Swati, Ghate"]
[Result "1-0"]
[WhiteElo "2344"]
[BlackElo "1995"]
[EventDate "2023.10.21"]
[PlyCount "81"]

1.d4 Nf6 2.Bg5 d5 3.Bxf6 gxf6 4.c4 dxc4 5.e3 c5 6.d5 Nd7 7.Bxc4 Nb6 8.Bb5+
Bd7 9.Be2 f5 10.Nc3 Bg7 11.Nh3 Bxc3+ 12.bxc3 Ba4 13.Qb1 Qxd5 14.Bb5+ Bxb5 
15.Qxb5+ Kf8 16.O-O Qc4 17.Rfb1 Qxb5 18.Rxb5 Rc8 19.Nf4 Kg7 20.Rab1 Rhd8 
21.h4 Rd7 22.Ra5 e5 23.Ne2 Rcd8 24.Ng3 Kf6 25.Rxa7 Rd1+ 26.Rxd1 Rxd1+ 27.
Kh2 Rd7 28.Ra5 Rd2 29.Rb5 Nc4 30.Rxc5 Nd6 31.f4 exf4 32.Nh5+ Ke7 33.Nxf4 
Rxa2 34.Re5+ Kf6 35.Rd5 Nc4 36.Rb5 Nxe3 37.Rxb7 Rc2 38.Nh5+ Ke6 39.Ng7+ 
Kf6 40.Nh5+ Ke5 41.Re7+ 1-0

[Event "26th Hoogeveen op"]
[Site "Hoogeveen NED"]
[Date "2023.10.26"]
[Round "7.7"]
[White "Elgersma, Onno"]
[Black "Mueer, Sebastian"]
[Result "1-0"]
[WhiteElo "2266"]
[BlackElo "2230"]
[EventDate "2023.10.21"]
[PlyCount "59"]

1.e4 c5 2.Nf3 e6 3.g3 Nc6 4.Bg2 Nf6 5.Qe2 Be7 6.e5 Nd5 7.Nc3 d6 8.exd6 
Qxd6 9.O-O O-O 10.Re1 b6 11.d4 cxd4 12.Nxd5 exd5 13.Bf4 Qc5 14.a3 b5 15.
Ne5 Be6 16.Nd3 Qb6 17.Bd2 Bd6 18.Qh5 Ne7 19.Re2 Rac8 20.Bg5 Ng6 21.Rae1 b4
22.Rxe6 fxe6 23.Rxe6 Rce8 24.Rxe8 Rxe8 25.Bxd5+ Kh8 26.Bf7 Re6 27.Bxe6 
bxa3 28.bxa3 Bxg3 29.Bf5 Nf8 30.hxg3 1-0

[Event "26th Hoogeveen op"]
[Site "Hoogeveen NED"]
[Date "2023.10.26"]
[Round "7.8"]
[White "Maatman, Nick"]
[Black "Kett, Tim"]
[Result "1-0"]
[WhiteElo "2382"]
[BlackElo "2130"]
[EventDate "2023.10.21"]
[PlyCount "135"]

1.d4 d6 2.e4 Nf6 3.Nc3 e5 4.Nf3 Nbd7 5.Rg1 c6 6.g4 g6 7.g5 Nh5 8.Be3 Bg7 
9.Qd2 O-O 10.O-O-O Re8 11.dxe5 dxe5 12.Bc4 Qe7 13.Qd6 Qxd6 14.Rxd6 Bf8 15.
Rd2 Bb4 16.a3 Bxc3 17.bxc3 Nb6 18.Bb3 Bh3 19.a4 Be6 20.a5 Nc4 21.Bxc4 Bxc4
22.Rd7 b6 23.Rd6 bxa5 24.Rxc6 Be2 25.Ne1 Rac8 26.Rxc8 Rxc8 27.Kd2 Bb5 28.
Nd3 Re8 29.f3 Rd8 30.Ra1 Nf4 31.Bxf4 exf4 32.Rxa5 a6 33.h4 Kg7 34.Ra1 h6 
35.Rg1 hxg5 36.Rxg5 f6 37.Rc5 Kh6 38.c4 Be8 39.Ra5 g5 40.hxg5+ fxg5 41.
Rxa6+ Kh5 42.Ra1 g4 43.Rh1+ Kg5 44.Rh8 gxf3 45.Rg8+ Kf6 46.Rf8+ Kg5 47.Ke1
Rc8 48.Ne5 Kh6 49.Kf2 Kg7 50.Rf5 Ba4 51.c3 Bd1 52.Rxf4 Be2 53.Ke3 Bd1 54.
Rf7+ Kg8 55.Rd7 Be2 56.Nxf3 Bxc4 57.Rd4 Bb5 58.Kd2 Kf7 59.Rb4 Bf1 60.Rb7+ 
Kf6 61.Rb6+ Ke7 62.Nd4 Rh8 63.Nf5+ Kd7 64.Ng3 Bc4 65.Ke3 Be6 66.Nf5 Bxf5 
67.exf5 Rf8 68.f6 1-0

[Event "26th Hoogeveen op"]
[Site "Hoogeveen NED"]
[Date "2023.10.26"]
[Round "7.9"]
[White "Boeren, Jurriaan"]
[Black "Van Helvoort, Rob"]
[Result "0-1"]
[WhiteElo "2120"]
[BlackElo "2105"]
[EventDate "2023.10.21"]
[PlyCount "68"]

1.e4 e6 2.d4 d5 3.exd5 exd5 4.Nf3 Nf6 5.Bd3 c5 6.O-O c4 7.Re1+ Be7 8.Bf1 
O-O 9.b3 cxb3 10.axb3 Nc6 11.Ne5 Ne4 12.Nxc6 bxc6 13.Ba3 Nd6 14.Bd3 Be6 
15.Nc3 g6 16.Qf3 Re8 17.Na4 Nb7 18.Ba6 Nd6 19.Bd3 Nb7 20.Bxe7 Qxe7 21.c3 
Qg5 22.Re5 f5 23.Ba6 Nd6 24.Nc5 Bf7 25.Bd3 Qd2 26.Bf1 Rxe5 27.dxe5 Ne4 28.
Na4 Re8 29.g3 Rxe5 30.Ba6 Ng5 31.Qd1 Re1+ 32.Qxe1 Nf3+ 33.Kf1 Nxe1 34.Rxe1
d4 0-1

[Event "26th Hoogeveen op"]
[Site "Hoogeveen NED"]
[Date "2023.10.26"]
[Round "7.10"]
[White "Kiran, Manisha Mohanty"]
[Black "Margadgua, Erdenebayar"]
[Result "1-0"]
[WhiteElo "2034"]
[BlackElo "1848"]
[EventDate "2023.10.21"]
[PlyCount "71"]

1.e4 c5 2.Nf3 d6 3.d4 cxd4 4.Nxd4 Nf6 5.Nc3 a6 6.Bg5 e6 7.Qe2 Be7 8.h4 b5 
9.a3 Qc7 10.O-O-O Nbd7 11.Rh3 Rb8 12.Na2 h6 13.Bd2 Bb7 14.Rc3 Qb6 15.Be3 
Qa5 16.f3 d5 17.e5 Nh7 18.f4 O-O 19.Qg4 h5 20.Qxh5 Rfc8 21.Bd2 Qa4 22.Be1 
b4 23.Nxb4 Bxb4 24.Rxc8+ Bxc8 25.Bxb4 Rxb4 26.axb4 Qa1+ 27.Kd2 Qxb2 28.Nb3
d4 29.Qf3 Ndf8 30.Qd3 Ng6 31.g3 Ne7 32.Qxd4 Qxd4+ 33.Nxd4 Nd5 34.c3 f6 35.
Ra1 fxe5 36.fxe5 1-0

[Event "26th Hoogeveen op"]
[Site "Hoogeveen NED"]
[Date "2023.10.26"]
[Round "7.11"]
[White "Slagboom, Leandro"]
[Black "Fehr, Axel"]
[Result "1-0"]
[WhiteElo "2305"]
[BlackElo "2011"]
[EventDate "2023.10.21"]
[PlyCount "97"]

1.e4 c5 2.Nf3 d6 3.d4 cxd4 4.Nxd4 Nf6 5.Nc3 a6 6.Be2 e5 7.Nb3 Be6 8.f4 Qc7
9.g4 exf4 10.Bxf4 Nc6 11.g5 Nd7 12.Qd2 Be7 13.O-O-O Nce5 14.Nd4 g6 15.Qe3 
O-O-O 16.Nxe6 fxe6 17.Qh3 Rde8 18.Kb1 Kb8 19.Bxe5 Nxe5 20.Qxe6 Bxg5 21.Qb3
Ka7 22.Rd4 Rc8 23.Rhd1 Rhd8 24.Ra4 Qb6 25.Rb4 Qc6 26.Qa3 Ka8 27.Qb3 Rd7 
28.Nd5 Bd8 29.a3 Ka7 30.c3 Ba5 31.Ra4 Bd8 32.Bb5 Qc5 33.Bxd7 Nxd7 34.Rad4 
Ne5 35.Nf4 Bb6 36.Ka2 Nc4 37.Nd5 Bd8 38.Rf1 Na5 39.Qb4 Qc6 40.Rf8 b6 41.
Rf7+ Ka8 42.Rxh7 b5 43.Ne7 Bxe7 44.Rxe7 Nc4 45.Qb3 Rh8 46.Qc2 Qc5 47.Qf2 
Ne5 48.Qf6 Rd8 49.Rxe5 1-0

[Event "26th Hoogeveen op"]
[Site "Hoogeveen NED"]
[Date "2023.10.26"]
[Round "7.12"]
[White "Kazarjan, Gachatur"]
[Black "Maris, Ivo"]
[Result "1-0"]
[WhiteElo "1970"]
[BlackElo "2404"]
[EventDate "2023.10.21"]
[PlyCount "61"]

1.e4 g6 2.d4 d6 3.Nc3 Bg7 4.f4 c6 5.Nf3 Bg4 6.Be3 d5 7.e5 Nh6 8.h3 Bxf3 9.
Qxf3 f6 10.g4 fxe5 11.fxe5 Rf8 12.Qg3 e6 13.O-O-O a6 14.h4 c5 15.dxc5 Nd7 
16.Bh3 Bxe5 17.Qg2 Nf7 18.Nxd5 Qa5 19.c6 bxc6 20.Nf6+ Bxf6 21.Qxc6 Ne5 22.
Qxe6+ Be7 23.Bg5 Rf7 24.Rd5 Qxa2 25.Bxe7 Nd3+ 26.Kd2 Rxe7 27.Qg8+ Nf8 28.
Rf1 Nf2 29.Rxf2 Qxd5+ 30.Qxd5 Rd7 31.Rxf8+ 1-0